Представление документа в формате MARC21

Поле Инд. ПП Название Значение
Тип записи m
Библиографический уровень m
001 Контрольный номер 96a79d61178842279c8c75c40c1f629e
005 Дата корректировки 20181218103303.5
008 Кодируемые данные 150216|||||||||ru |||||||||||||||||rus||
041 0_ a Код языка текста rus
084 a Индекс другой классификации/Индекс ББК 66.4(2Рос)+65.59(2Рос)
090 a Полочн. индекс 66.4
x Авторский знак Р 76
245 10 a Заглавие Россия и Европейский Союз: новые горизонты сотрудничества
h Физич. носитель Электронный ресурс
b Продолж. заглавия материалы молодеж. круглого стола, Мурманск, 25 окт. 2014 г.
c Ответственность под ред. Н. Ю. Рашевой ; Федер. агентство по рыболовству, ФГБОУ ВПО "Мурман. гос. техн. ун-т"
260 a Место издания Мурманск
b Издательство Изд-во МГТУ
c Дата издания 2014
300 a Объем 1 электрон. опт. диск (CD-ROM)
500 a Примечание Сист. требования: PC не ниже класса Pentium II ; 128 Mb RAM ; свободное место на HDD 131 Mb ; Windows 9x - Windows 8 ; дисковод CD-ROM 2-x и выше
583 x Служебное примечание Диски
x Служебное примечание Труды преподавателей МГТУ
650 04 a Основная рубрика Международное сотрудничество-Российская Федерация-Европа
651 _4 a Географическое наименование Европа
651 _4 a Географическое наименование Россия
653 0_ a Ключевые слова Международное сотрудничество
a Ключевые слова Российско-европейское сотрудничество
a Ключевые слова Россия и Европа
a Ключевые слова Труды преподавателей МГТУ
901 t Тип документа m